2024 WNBA Draftees - Statistics

General Stats
  • This quiz has been taken 35 times
  • The average score is 13 of 36
Answer Stats
WNBA Team College Answer % Correct
Fever Iowa Caitlin Clark
100%
Sky LSU Angel Reese
97%
Sparks Stanford Cameron Brink
94%
Sky South Carolina Kamilla Cardoso
87%
Sparks Tennessee Rickea Jackson
81%
Mystics UConn Aaliyah Edwards
77%
Storm UConn Nika Mühl
77%
Aces Iowa Kate Martin
74%
Wings Ohio State Jacy Sheldon
71%
Aces Jackson State Angel Jackson
65%
Sun Kansas Taiyanna Jackson
65%
Lynx Utah Alissa Pili
61%
Aces Virginia Tech Elizabeth Kitley
58%
Fever Ohio State Celeste Taylor
42%
Aces Syracuse Dyaisha Fair
42%
Liberty Ole Miss Marquesha Davis
35%
Liberty USC Kaitlyn Davis
32%
Wings n/a Carla Leite
23%
Sun n/a Leila Lacan
19%
Mercury UCLA Charisma Osborne
16%
Storm Indiana Mackenzie Holmes
16%
Sun Columbia Abbey Hsu
10%
Wings Penn State Ashley Owusu
10%
Fever Florida Leilani Correa
10%
Dream n/a Nyadiew Puoch
10%
Mercury Nebraska Jaz Shelley
6%
Liberty Mississippi State Jessika Carter
6%
Lynx Louisville Kiki Jefferson
6%
Sparks USC McKenzie Forbes
6%
Sky Gonzaga Brynna Maxwell
3%
Liberty Arizona Esmery Martinez
3%
Sun Arizona Helena Pueyo
3%
Dream n/a Isobel Borlase
3%
Mystics Gonzaga Kaylynne Truong
3%
Dream n/a Matilde Villa
3%
Mystics n/a Nastja Claessens
3%
No matching quizzes found
Score Distribution
Percent of People with Each Score
Percentile by Number Answered
Your Score History
You have not taken this quiz